Geography Quiz

Random Geography or State Quiz

Pieces of Maps (United States) Quiz Stats

 Plays Quiz Updated Jan 16, 2018

Support Sporcle.
Go Orange.
Score 0/10 Timer 03:00
3 Plays Today
% Correct
1✓
97.5%
5✓
95.6%
3✓
95.6%
6✓
95.3%
7✓
92.6%
8✓
89.7%
4✓
89.3%
2✓
87.4%
10✓
86.4%
9✓
83.4%

You're not logged in!

Compare scores with friends on all Sporcle quizzes.
OR
Log In
Forgot?

From the Vault

9 Fictional American Characters

by Pilgab

Paul Bunyan dressed like a hipster before it was cool.
Remove Ads.
Support Sporcle.
Get the best of Sporcle when you Go Orange. This ad-free experience offers more features, more stats, and more fun while also helping to support Sporcle. Thank you for becoming a member.

Show Comments

Extras

Top Quizzes Today


Score Distribution

Your Account Isn't Verified!

In order to create a playlist on Sporcle, you need to verify the email address you used during registration. Go to your Sporcle Settings to finish the process.

Report this User

Report this user for behavior that violates our Community Guidelines.

Details: